000 00495nam a2200193Ia 4500
005 20250326143200.0
008 250326s9999 xx 000 0 und d
037 _aTextbook
040 _aFMSL
_beng
_cFMSL
041 _aeng
_2eng
084 _aX:8D P3
_qFMSL
100 _aWild J
_9747321
245 0 _aFicial statement analysis
_cWild J
250 _a8
260 _aBoston
_bBoston, McGraw-Hill
_c2004
300 _a673p
942 _cTB
_hX:8D P3
999 _c1298481
_d1298481